Formel 1 Strecken 2025 #1 - Statistiken

Allgemein
  • Dieses Quiz wurde 340 mal gespielt
  • Das Durchschnittsergebnis liegt bei 11 aus 16
Antwortstatistiken
Bildquiz Antwort % Korrekt
Suzuka International Racing Course
86%
Circuit de Monaco
83%
Autodromo Nazionale di Monza
80%
Shanghai International Circuit
80%
Bahrain International Circuit
76%
Jeddah Corniche Circuit
74%
Albert Park Circuit
73%
Circuit de Barcelona-Catalunya
73%
Circuit de Spa-Francorchamps
71%
Red Bull Ring
71%
Hungaroring
66%
Miami International Autodrome
59%
Autodromo Enzo e Dino Ferrari
57%
Silverstone Circuit
55%
Circuit Gilles-Villeneuve
54%
Circuit Park Zandvoort
52%
Keine übereinstimmenden Quizze gefunden
Verteilung der Resultate
Anzahl Personen mit jedem Resultat
Perzentil nach korrekt beantworteten Fragen
Ihre Resultats-Entwicklung
Sie haben dieses Quiz noch nicht gespielt